000
00335nam a2200133Ia 4500
008
240624s9999 xx 000 0 und d
041
_a
eng
082
_a
519.5 SIL
100
_a
SILVER NATE
245
_a
SIGNAL AND THE NOISE WHY SO MANY PREDICT
260
_c
2012
_a
New York
_b
The Penguin Press
300
_a
544 : p.
365
_c
_b
25
999
_c
21012
_d
21012